Physics: a world view (Record no. 2505)

MARC details
000 -LEADER
fixed length control field 00592nam a22002177a 4500
003 - CONTROL NUMBER IDENTIFIER
control field OSt
005 - DATE AND TIME OF LATEST TRANSACTION
control field 20191128154855.0
008 - FIXED-LENGTH DATA ELEMENTS--GENERAL INFORMATION
fixed length control field 151110b xxu||||| |||| 00| 0 eng d
020 ## - INTERNATIONAL STANDARD BOOK NUMBER
International Standard Book Number 978-0495414087
020 ## - INTERNATIONAL STANDARD BOOK NUMBER
International Standard Book Number 0122027654321
040 ## - CATALOGING SOURCE
Transcribing agency DDC
082 ## - DEWEY DECIMAL CLASSIFICATION NUMBER
Classification number 530 KIR 2001
100 ## - MAIN ENTRY--PERSONAL NAME
Personal name Kirpatrick, Larry D.; Wheeler Gerald F.
9 (RLIN) 6085
245 ## - TITLE STATEMENT
Title Physics: a world view
250 ## - EDITION STATEMENT
Edition statement 4th ed.
260 ## - PUBLICATION, DISTRIBUTION, ETC. (IMPRINT)
Place of publication, distribution, etc. Philadelphia;
Name of publisher, distributor, etc. Harcourt College,
Date of publication, distribution, etc. 2001
300 ## - PHYSICAL DESCRIPTION
Extent 185p; .ill:25cm
504 ## - BIBLIOGRAPHY, ETC. NOTE
Bibliography, etc Appendices,answers, glossary, & index included
650 ## - SUBJECT ADDED ENTRY--TOPICAL TERM
Topical term or geographic name as entry element Physics
9 (RLIN) 809
942 ## - ADDED ENTRY ELEMENTS (KOHA)
Source of classification or shelving scheme Other/Generic Classification Scheme
Koha item type Open Shelf
Holdings
Withdrawn status Lost status Source of classification or shelving scheme Damaged status Not for loan Home library Current library Date acquired Source of acquisition Inventory number Total Checkouts Full call number Barcode Date last seen Koha item type
    Dewey Decimal Classification     MUST Main Library MUST Main Library 10/11/2015   14/38580   530 KIR 2001 2015-2544 10/11/2015 Open Shelf
    Dewey Decimal Classification     MUST Main Library MUST Main Library 02/12/2016   14/38733   530 KIR 2001 2016-4985 02/12/2016 Open Shelf